000 01200nam a22002537a 4500
999 _c57167
_d57167
003 Ge_BSU
005 20191217115810.0
008 191217s2004 ge ||||| |||| 00| 0 geo d
020 _a9992809477
041 _ageo
080 _a616.053.2(075.8) ხ-43
100 _aხერხეულიძე, ნ.
_95812
245 _aბავშვთა დაავადებების პროპედევტიკა :
_bსახელმძღვ. სტუდენტებისათვის
_cნ. ხერხეულიძე ; რედ. მ. ხერხეულიძე.
250 _aმე-2 განახლ. გამოც.
264 _aთბილისი :
_bეროვნული მწერლობა,
_c2004.
300 _a648 გვ. :
_bცხ.,სურ. ;
_c24 სმ.
501 _aდანართები: გვ. 594-646.
653 _aბავშვთა დაავადებები
653 _aსახელმძღვანელო
653 _aმედიცინა
653 _aპედიატრია
700 _aხერხეულიძე, მ.
_eრედაქტორი
_95813
942 _2udc
_cBK